Market leader: intermediate business English teacher's resource book

Guardat en:
Dades bibliogràfiques
Autor principal: Mascull, Bill (autor)
Format: Llibre
Idioma:anglès
Publicat: Essex Pearson Education Limited 2005
Edició:1a. ed
Matèries:
Etiquetes: Afegir etiqueta
Sense etiquetes, Sigues el primer a etiquetar aquest registre!

MARC

LEADER 00000cam a2200000 a 4500
001 UCF1232
003 CL-VaPUC
008 120629e20050000UK |||||||||||||||||eng|d
020 |a 1405843454 
082 0 4 |a 428  |b MAS  |2 21 
100 |a Mascull, Bill  |e autor  |9 562830 
245 1 0 |a Market leader: intermediate business English teacher's resource book 
250 |a 1a. ed 
300 |a 213 p 
942 |c BK 
945 |d 20120629 00:00:00  |a cmena 
260 |a Essex  |b Pearson Education Limited  |c 2005 
500 |a Incluye DVD 
500 |a Incluye Test Master CD-ROM 
650 0 |a Enseñanza del inglés  |9 367340 
650 0 |a Inglés comercial  |9 323356 
650 0 |a Métodos de enseñanza  |9 270413 
650 0 |a Libros de texto  |9 270019 
650 7 |a ENSEÑANZA PROGRAMADA  |2 CL-VaPUC  |9 263217 
583 |a last modification  |c 20120629 12:35:00  |k Rodrigo Vera 
999 |c 348122  |d 348120 
952 |0 0  |1 0  |4 0  |6 428_000000000000000_MAS_2005  |7 0  |8 A  |9 450009  |a BIBGIM  |b BIBGIM  |d 2019-11-22  |i 4879384  |o 428 MAS 2005  |p 4879384  |r 2025-01-15  |w 2019-11-22  |y BK  |k COM 
952 |0 0  |1 0  |4 0  |6 428_000000000000000_MAS_2005  |7 0  |8 A  |9 450010  |a BIBGIM  |b BIBGIM  |d 2019-11-22  |i 4879392  |o 428 MAS 2005  |p 4879392  |r 2025-01-15  |w 2019-11-22  |y BK  |k COM